| 000 | 00860nam a22002417a 4500 | ||
|---|---|---|---|
| 003 | LK-CoDNM | ||
| 005 | 20241025131620.0 | ||
| 008 | 241015b |||||||| |||| 00| 0 eng d | ||
| 040 |
_aLK-CoDNM _dLK-CoDNM _eLK-CoDNM |
||
| 041 | _asin | ||
| 080 |
_aප්ර.ව _b23 |
||
| 100 | _aබරණිවල කෝලිත හිමි | ||
| 245 |
_aවිද්යානන්ද II -1953 _b1 කාණ්ඩය 1 කලාපය |
||
| 260 |
_aකොළඹ _c1953 _bවිද්යොදය යන්ත්රාලය |
||
| 300 | _b51p. ; 25 cm | ||
| 650 | _a විද්යානන්ද II -1953 | ||
| 650 | _aමාසික සගරාව | ||
| 650 | _aප්ර.ව 23 | ||
| 650 | _a බරණිවල කෝලිත හිමි | ||
| 650 | _a 1 කාණ්ඩය 1 කලාපය | ||
| 650 | _a1953 | ||
| 942 | _cBK | ||
| 999 |
_c222986 _d222986 |
||